00900 a2200157 45000010006000000050017000060080041000230030015000640400040000790800051001192450035001702640036002053000019002415050464002601000018007245950920260407155849.0260407a1970 arg spa dAR-UNSa-BCEJYS aAR-UNSa-BCEJYSbspacAR-UNSa-BCEJYS a330.56xRenta nacional. Producto nacional neto10aAnáisis de la renta nacional 1aMadrid :bEdiciones Rialpc1970 a316 p.c22 cm. a1. Sistemas de clasificación de las cuentas nacionales – 2. ¿Qué es el producto nacional? – 3. Los componentes del output final – 4. El sistema de cuentas – 5. El sistema de cuentas y teoría económica – 6. ¿Qué es lo que hace variar el producto nacional? (I) – 7. ¿Qué es lo que hace variar el producto nacional (II)? – 8. ¿Qué es un “cambio” en el producto nacional? – 9. La medida de los cambios en el producto nacional1 aBeckerman, W.